000 00350nam a22001337a 4500
008 140122b xxu||||| |||| 00| 0 eng d
050 _aPR5022.O94
100 _aMitford, Mary Russell
_96983
245 _aOur village
260 _aLondon
_bJ. M. Dent
_c1936
300 _a340p.
_c17cm
440 _aEveryman's library
_96984
942 _2lcc
_cMONOGRAPH
999 _c119666
_d119666